000
00286nam a2200109Ia 4500
001
1277697
005
20260417163036.0
008
260417s9999 xx 000 0 und d
020
_a
9786258099669
245
0
_a
Albert Einstein - Evrenin Sırrını Çözen Dahi
260
_b
Dokuz Çocuk
999
_c
1277697
_d
1277697